From tree dwellings to new towns (Record no. 63308)

MARC details
000 -LEADER
fixed length control field 00790nam a2200157 a 4500
008 - FIXED-LENGTH DATA ELEMENTS--GENERAL INFORMATION
fixed length control field 120416s1962 ||||||||||||||||| || u
050 ## - LIBRARY OF CONGRESS CALL NUMBER
Classification number NA 7105 Mag
100 ## - MAIN ENTRY--PERSONAL NAME
Personal name Maguire, Philip
245 10 - TITLE STATEMENT
Title From tree dwellings to new towns
260 ## - PUBLICATION, DISTRIBUTION, ETC.
Place of publication, distribution, etc. London
Name of publisher, distributor, etc. Longman
Date of publication, distribution, etc. 1962
300 ## - PHYSICAL DESCRIPTION
Extent xiv, 178p. : ill.
350 ## -
-- 0.00
995 ## -
-- ANNEX COLLECTION (Main Library)
-- 0.00
-- 702725
-- CBU-MAIN LIBRARY (Kitwe)
-- 2
-- 0.00
-- NA 7105 Mag
-- AVAILABLE
-- 010300
-- Annex Low-Usage Collection
995 ## -
-- ANNEX COLLECTION (Main Library)
-- 0.00
-- 714324
-- CBU-MAIN LIBRARY (Kitwe)
-- 1
-- 0.00
-- NA 7105 Mag
-- 2
-- AVAILABLE
-- 010299
-- Annex Low-Usage Collection
995 ## -
-- ANNEX COLLECTION (Main Library)
-- 0.00
-- 714785
-- CBU-MAIN LIBRARY (Kitwe)
-- 3
-- 0.00
-- NA 7105 Mag
-- 3
-- AVAILABLE
-- 010301
-- Annex Low-Usage Collection
999 ## -
-- 63308
-- 63308
Holdings
Withdrawn status Lost status Source of classification or shelving scheme Damaged status Not for loan Permanent Location Current Location Shelving location Date acquired Total Checkouts Full call number Barcode Date last seen Price effective from Koha item type
          CBU-MAIN LIBRARY, KITWE. CBU-MAIN LIBRARY, KITWE.   12/24/2022   NA 7105 Mag 010300 12/24/2022 12/24/2022 MONOGRAPH
          CBU-MAIN LIBRARY, KITWE. CBU-MAIN LIBRARY, KITWE.   12/24/2022   NA 7105 Mag 010299 12/24/2022 12/24/2022 MONOGRAPH
          CBU-MAIN LIBRARY, KITWE. CBU-MAIN LIBRARY, KITWE.   12/24/2022   NA 7105 Mag 010301 12/24/2022 12/24/2022 MONOGRAPH